| 000 | 00813naa a2200157 i 4500 | ||
|---|---|---|---|
| 001 | 9931 | ||
| 003 | KOSZ 005 | ||
| 005 | 20180412102810.0 | ||
| 008 | 080714s2008 pl fq |000 0 pol | ||
| 040 |
_aWA N _cWA N _dKOSZ 005/HR |
||
| 100 |
_aSOKOŁOWSKI, Stanisław. _bPolitechnika Koszalińska - Wydział Mechaniczny, _cKatedra Zastosowań Elektroniki i Elektrotechniki _d1996 - . |
||
| 245 | 1 | 0 |
_aWzmacniacz operacyjny i jego zastosowania / _cStanisław Sokołowski. |
| 538 | _aWymagania systemowe: IBM PC; Windows 98 lub nowszy; Acrobat Reader; czytnik CD-ROM. | ||
| 773 |
_iW : _tPodstawy elektrotechniki i elektroniki dla nieelektryków. T. 1, Laboratorium. [CD] / pod red. Jerzego Smyczka. - _dKoszalin : Wydaw. Uczelniane Politechniki Koszalińskiej, 2008. - _gs. 271-307. _z9788373651555 |
||
| 942 |
_2UKD _cROZ |
||
| 999 |
_c9931 _d9931 |
||